| 000 | 00918nam a22002657a 4500 | ||
|---|---|---|---|
| 005 | 20251125125502.0 | ||
| 008 | 251125b |||||||| |||| 00| 0 eng d | ||
| 017 | _aLD.4192 | ||
| 018 | _a2025 | ||
| 020 | _a9789788554899 | ||
| 040 |
_aNLN _bEnglish _eAACR2 |
||
| 050 |
_aBV4647.M4 _bA681 |
||
| 082 | _a241.4 | ||
| 100 |
_aAREOGUN, Olusola _eaut _919603 |
||
| 245 |
_aOvercoming hindrances to advancement in life : _bunderstanding the blockers to our advancement in life and destiny and God's provision to address them / _cOlusola Areogun and Oyenike Areogun |
||
| 260 |
_aOsogbo, Osun State (P.O.Box 1838) : _bAbundant Life House, _c2024 |
||
| 300 |
_a106p. ; _b18cm |
||
| 563 | _a(pbk) | ||
| 650 |
_aMercy _963220 |
||
| 650 |
_aSpiritual life _vChristianity _91663 |
||
| 650 |
_aFate and fatalism _910227 |
||
| 650 |
_aGod (Christianity) _vMercy _963221 |
||
| 856 | _uwww.abundantlifehouse.org | ||
| 942 |
_cBK _n0 |
||
| 999 |
_c33892 _d33892 |
||